00307nam a2200109Ia 4500008004100000020001800041040002900059050002700088100002300115245002800138260003100166221221s9999 xx 000 0 und d a0-321-17856-4 cChuka University Library aBSL HF 1359 bA67 2006 aAppleyand,Dennis R 0aInternational economics aMc graw hillbBostonc2006